000 00536nam a2200205Ia 4500
005 20240316114008.0
008 131103s9999 xx 000 0 und d
040 _aLoreto College
041 _aEnglish
082 _a374
_bLAL
100 _aLall,Dev Indar
245 _aAdult Education
_bFor a New Democracy,
_cDev Indar Lall
250 _aForeword by K.G.Saityidain
260 _aDelhi
_bS.Chand
_c[1954]
300 _aiv,182 p.
650 _aAdult Education
700 _aSaityidain,K.G.
850 _aLCLIB
942 _cBK
999 _c10657
_d61136